|
|
|
|
| LEADER |
00000naa2a2200000 4500 |
| 001 |
385517 |
| 005 |
20231101063357.0 |
| 035 |
|
|
|a (RuTPU)RU\TPU\prd\13408
|
| 090 |
|
|
|a 385517
|
| 100 |
|
|
|a 20030507a2003 k y0rusy50 ca
|
| 101 |
0 |
|
|a rus
|
| 102 |
|
|
|a RU
|
| 200 |
1 |
|
|a Изоляция зон водопритоков в наклонно направленных и горизонтальных скважинах
|f Г. С. Абдрахманов, И. Г. Юсупов, Г. А. Орлов и др.
|
| 225 |
1 |
|
|a Техника и технология добычи нефти
|
| 320 |
|
|
|a Библиогр.: 2 назв.
|
| 461 |
|
1 |
|0 (RuTPU)RU\TPU\prd\1638
|x 0028-2448
|t Нефтяное хозяйство
|o научно-технический производственный журнал
|d 1925-1940, 1946-
|
| 463 |
|
1 |
|0 (RuTPU)RU\TPU\prd\13358
|t № 2
|v С. 44-46
|d 2003
|
| 610 |
1 |
|
|a изоляция
|
| 610 |
1 |
|
|a призабойные зоны
|
| 610 |
1 |
|
|a наклонные скважины
|
| 610 |
1 |
|
|a водопритоки
|
| 610 |
1 |
|
|a профильные перекрыватели
|
| 610 |
1 |
|
|a горизонтальные скважины
|
| 610 |
1 |
|
|a скважины
|
| 610 |
1 |
|
|a бурение
|
| 675 |
|
|
|a 622.276.7:622.245.43
|v 3
|
| 701 |
|
1 |
|a Абдрахманов
|b Г. С.
|
| 701 |
|
1 |
|a Юсупов
|b И. Г.
|
| 701 |
|
1 |
|a Орлов
|b Г. А.
|
| 701 |
|
1 |
|a Хамитьянов
|b Н. Х.
|
| 701 |
|
1 |
|a Загидуллин
|b Р. Г.
|
| 801 |
|
1 |
|a RU
|b 63413507
|c 20030507
|g PSBO
|
| 801 |
|
2 |
|a RU
|b 63413507
|c 20131025
|g PSBO
|
| 942 |
|
|
|c BK
|